000 01101pam a2200325 a 4500
999 _c27061
_d27033
001 009729300
003 Uk
005 20190205110159.0
008 031024s2004 gw a b 000 0 eng
015 _aGBA3T7882
_2bnb
020 _a3540442065
040 _aStDuBDS
_beng
_cStDuBDS
_dEG-ScBUE
082 0 4 _a006.7
_222
_bINT
245 0 0 _aInteractive dramaturgies :
_bnew approaches in multimedia content and design /
_cHeide Hagebölling (ed.).
264 _aBerlin ; New York:
_bSpringer,
_c2004.
300 _axiv, 260 pages :
_billustrations(some columns) ;
_c25 cm.
336 _atext
_2rdacontent
337 _aunmediated
_2rdamedia
338 _avolume
_2rdacarrier
490 0 _aX.media.publishing,
_x1612-1449
500 _aFormerly CIP.
_5Uk
504 _aIncludes bibliographical references.
650 7 _aInteractive multimedia
_xAuthoring programs.
_2BUEsh
650 7 _aDrama
_xTechnique
_xComputer programs.
_2BUEsh
650 7 _aDigital media.
_934501
_2BUEsh
650 7 _aMultimedia systems.
_2BUEsh
653 _cJanuary2019
700 1 _aHagebölling, Heide.
942 _2ddc
_cBB